Countries Served by Washington Dulles - Statistics

General Stats
  • This quiz has been taken 208 times
  • The average score is 30 of 42
Answer Stats
Country % Correct
Canada
96%
France
96%
United Kingdom
96%
Germany
95%
China
94%
Mexico
93%
Japan
92%
Spain
89%
Brazil
88%
Italy
87%
Russia
87%
Netherlands
85%
Portugal
85%
Ireland
84%
Colombia
81%
South Korea
79%
Belgium
78%
United Arab Emirates
78%
Austria
77%
Panama
76%
India
75%
United States
74%
Switzerland
73%
Denmark
72%
Turkey
70%
Bahamas
68%
South Africa
68%
Peru
67%
Jamaica
64%
Iceland
63%
Qatar
63%
Costa Rica
62%
Guatemala
59%
Dominican Republic
57%
Saudi Arabia
55%
El Salvador
53%
Morocco
50%
Ethiopia
44%
Ghana
29%
Aruba
24%
Senegal
20%
Sint Maarten
5%
No matching quizzes found
Score Distribution
Percent of People with Each Score
Percentile by Number Answered
Your Score History
You have not taken this quiz